MARC

LEADER 00000naa2a2200000 4500
001 176480
005 20231031165319.0
035 |a (RuTPU)RU\TPU\book\191322 
090 |a 176480 
100 |a 20100301d2009 k y0rusy50 ca 
101 0 |a rus 
102 |a RU 
200 1 |a Человеческий фактор экономического роста  |f И. А. Туманова 
320 |a Библиогр.: 5 назв. 
463 0 |0 (RuTPU)RU\TPU\book\186921  |t Т. 2  |v С. 172-174  |d 2009  |p 192 с. 
610 1 |a экономический рост 
610 1 |a человеческий капитал 
610 1 |a производство 
610 1 |a продолжительность жизни 
610 1 |a численность населения 
610 1 |a труд 
610 1 |a условия труда 
610 1 |a рабочая сила 
610 1 |a качество 
610 1 |a труды учёных ТПУ 
700 1 |a Туманова  |b И. А. 
801 1 |a RU  |b 63413507  |c 20100301 
942 |c BK